000 00617nam a22001697a 4500
020 _qHard Cover.
082 _a621.3
100 _aWabil Ahmed, Syed ; Mahmood Mir, Ali
245 _aUnity based Security Simulator Final Year Project Report /
_cSyed Wabil Ahmed ; Ali Mahmood Mir
260 _aIslamabad :
_bSEECS - NUST,
_c2019.
300 _aVar. : ill. ;
_c30cm.
650 _aElectrical Engineering-Project Report
_930780
700 _aDr. Ahmed Salman.
_930764
856 _uhttp://10.250.8.41:8080/xmlui/handle/123456789/29574
942 _2ddc
_cPR
999 _c535936
_d535936